| 000 | nam a22 a 4500 | ||
|---|---|---|---|
| 999 |
_c2130 _d2130 |
||
| 005 | 20170515122609.0 | ||
| 008 | 170515b1980 enk||||| |||| 00| 0 eng d | ||
| 020 |
_a0803914695 _c£12.50 |
||
| 040 | _aAKMAL | ||
| 082 |
_218 _a362.204 KET |
||
| 090 |
_a362.204 _bKET |
||
| 245 |
_aPrevention in mental health _bresearch, policy and practice / _cedited by Richard H. Price ... [et al.]. |
||
| 260 |
_aBeverly Hills _aLondon _bSage Publications _c1980. |
||
| 300 |
_a320p. _c23cm |
||
| 490 |
_aSage annual reviews of community mental health _vvol. 1 |
||
| 504 | _aIncludes bibliographies | ||
| 650 |
_aCommunity mental health services. _94436 |
||
| 650 |
_aMental illness _xPrevention. _94437 |
||
| 650 |
_aCommunity mental health services. _94436 |
||
| 650 |
_aCommunity psychiatry. _94438 |
||
| 700 |
_aPrice, Richard H _94439 |
||
| 942 |
_2ddc _cBOOK |
||